Orthogonal polynomials for area-type measures and image recovery

Elmentve itt :
Bibliográfiai részletek
Szerzők: Saff Edward B.
Stahl Herbert
Stylianopoulos Nikos
Totik Vilmos
Dokumentumtípus: Cikk
Megjelent: 2015
Sorozat:SIAM JOURNAL ON MATHEMATICAL ANALYSIS 47 No. 3
doi:10.1016/j.jat.2013.03.003

mtmt:2871342
Online Access:http://publicatio.bibl.u-szeged.hu/5840
LEADER 00916nab a2200241 i 4500
001 publ5840
005 20260203102808.0
008 151119s2015 hu o 000 eng d
022 |a 0036-1410; eISSN: 1095-7154 
024 7 |a 10.1016/j.jat.2013.03.003  |2 doi 
024 7 |a 2871342  |2 mtmt 
040 |a SZTE Publicatio Repozitórium  |b hun 
041 |a eng 
100 1 |a Saff Edward B. 
245 1 0 |a Orthogonal polynomials for area-type measures and image recovery  |h [elektronikus dokumentum] /  |c  Saff Edward B. 
260 |c 2015 
300 |a 2442-2463 
490 0 |a SIAM JOURNAL ON MATHEMATICAL ANALYSIS  |v 47 No. 3 
700 0 1 |a Stahl Herbert  |e aut 
700 0 1 |a Stylianopoulos Nikos  |e aut 
700 0 1 |a Totik Vilmos  |e aut 
856 4 0 |u http://publicatio.bibl.u-szeged.hu/5840/1/Bergman03-23-14.pdf  |z Dokumentum-elérés  
856 4 0 |u http://publicatio.bibl.u-szeged.hu/5840/7/siam_j_math_anal47_3_2442_2463.pdf  |z Dokumentum-elérés